Snow Globes of World Cities & Landmarks Quiz Stats

Quiz Updated Sep 8, 2016

Challenge
Share
Tweet
Score 0/16 Timer 05:00
0 Plays Today
% Correct
Paris (Eiffel Tower)
99.2%
Washington, D.C. (Capitol & White House)
96.9%
Rome (The Colosseum)
95.3%
London (Tower Bridge)
88.8%
Athens (The Parthenon)
88%
Rio de Janeiro (Christ the Redeemer)
83.4%
Giza (Great Sphinx)
82.5%
Sydney (Opera House, Harbour Bridge)
81.7%
% Correct
Agra (Taj Mahal)
78.7%
New York (Empire State Building)
78.5%
Moscow (St. Basil's Cathedral)
75.4%
St. Louis (Gateway Arch & Old Courthouse)
68.1%
Toronto (CN Tower)
52.8%
Jerusalem (Dome of the Rock)
38.2%
Istanbul (Sultan Ahmed Mosque)
34.7%
Kuala Lumpur (Petronas Towers)
33.1%

You're not logged in!

Compare scores with friends on all Sporcle quizzes.
Sign Up with Email
OR
Log In

You Might Also Like...

Show Comments

Extras

Top Quizzes Today


Score Distribution

Your Account Isn't Verified!

In order to create a playlist on Sporcle, you need to verify the email address you used during registration. Go to your Sporcle Settings to finish the process.